Zabudnuté jubileá, zabudnuté udalosti a-

Bibliographic Details
Main Author: Argalács, Mikuláš, 1942- (Author)
Format: Article
Language:Slovak
Subjects:

MARC

LEADER 00000nab a2200000 ar4500
001 vtls009289057
003 SK-MaSNL
005 20260303203746.0
008 080424c2007 xo wr|p|||||||000 b|slo
038 |a PPPK 
040 |a PPPKCL  |b slo  |c PPPKCL  |e AACR2 
041 0 |a slo 
044 |a xo  |c SK 
080 |a 908  |x (437.6)  |2 2001 
080 |a 005.332.7  |2 2001 
080 |a 929  |2 2001 
100 1 |a Argalács, Mikuláš,  |d 1942-  |4 aut  |9 102749 
245 1 0 |a Zabudnuté jubileá, zabudnuté udalosti a-  |c Mikuláš Argalács 
648 7 |a 2007  |2 snkbucl  |9 313226 
650 0 7 |a osobnosti 2 pppkcl  |2 snkbucl  |9 1236634 
650 0 7 |a významné udalosti  |2 pppkcl  |9 274984 
650 0 7 |a kalendária  |2 pppkcl  |9 886168 
651 7 |a Vysoké Tatry (Poľsko a Slovensko : pohorie)  |2 pppkcl  |9 67729 
773 0 |t Podtatranské noviny  |g Roč. XLVIII, č. 51-52 (2007) 
773 0 8 |i Príl.:  |t Ozveny.  |g Č. 10 (2007), s. III 
852 |a PPPK  |b KIS3GCP 
958 |a BX 
999 |c 2186974  |d 2188904